UK-GBC to report to government on zero carbon definition (Record no. 79425)

MARC details
000 -LEADER
fixed length control field 00894cab a22001935a 4500
001 - CONTROL NUMBER
control field L141191
008 - FIXED-LENGTH DATA ELEMENTS--GENERAL INFORMATION
fixed length control field 071102e20071029xxk 000 0 eng d
035 ## - SYSTEM CONTROL NUMBER
System control number (Sirsi) u141191
041 0# - LANGUAGE CODE
Language code of text/sound track or separate title eng
110 2# - MAIN ENTRY--CORPORATE NAME
Corporate name or jurisdiction name as entry element UK Green Building Council
9 (RLIN) 5440
245 00 - TITLE STATEMENT
Title UK-GBC to report to government on zero carbon definition
Medium [electronic resource]
260 ## - PUBLICATION, DISTRIBUTION, ETC.
Place of publication, distribution, etc. London
Name of publisher, distributor, etc. UK-GBC
Date of publication, distribution, etc. 2007
520 ## - SUMMARY, ETC.
Summary, etc. Announces the UK Green Building Council's plans to establish a task force made up of a range of stakeholders from the industry in order to gather evidence for a report to government on the definition of zero carbon homes. The report will be delivered by Spring 2008.
590 ## - LOCAL NOTE (RLIN)
Local note KA NTK
651 #4 - SUBJECT ADDED ENTRY--GEOGRAPHIC NAME
Geographic name United Kingdom
Chronological subdivision
690 ## - LOCAL SUBJECT ADDED ENTRY--TOPICAL TERM (OCLC, RLIN)
Topical term or geographic name as entry element ENVIRONMENTAL AND LAND CONSULTANCY-SUSTAINABILITY
856 40 - ELECTRONIC LOCATION AND ACCESS
Uniform Resource Identifier <a href="https://www.ukgbc.org/newsdetails.jsp?id=24">https://www.ukgbc.org/newsdetails.jsp?id=24</a>
Public note View the item free of charge at www.ukgbc.org...
942 ## - ADDED ENTRY ELEMENTS (KOHA)
Suppress in OPAC 0
Holdings
Withdrawn status Lost status Source of classification or shelving scheme Damaged status Not for loan Home library Current library Shelving location Date acquired Total Checkouts Full call number Barcode Date last seen Copy number Price effective from Koha item type
    Dewey Decimal Classification     Virtual Virtual Online 02/11/2007   ONLINE PUBLICATION 141191-2001 06/08/2019 1 06/08/2019 Journal article